Southville International School and Colleges
Your cart is empty.
  • Cart
  • Lists
    Public lists Eva Luna New books Lux_list list_1
    Your lists Log in to create your own lists
  • Log in to your account
  • Your cookies
  • Search history
Southville International School and Colleges
  • Advanced search
  • Recent comments
  • Most popular
  • Libraries

Log in to your account

Log in with GOOGLE


If you do not have an external account, but do have a local account, you can still log in:

  1. Home
  2. MARC view: Sofa dog
Normal view MARC view ISBD view

Sofa dog (Record no. 366686)

[ view plain ]
MARC details
000 -LEADER
fixed length control field 00483nam a22001697a 4500
003 - CONTROL NUMBER IDENTIFIER
control field 0
005 - DATE AND TIME OF LATEST TRANSACTION
control field 20241112133617.0
008 - FIXED-LENGTH DATA ELEMENTS--GENERAL INFORMATION
fixed length control field 241112b xxu||||| |||| 00| 0 eng d
020 ## - INTERNATIONAL STANDARD BOOK NUMBER
International Standard Book Number 978-1-407174-16-7
082 ## - DEWEY DECIMAL CLASSIFICATION NUMBER
Classification number ER
Item number So681 2017
100 ## - MAIN ENTRY--PERSONAL NAME
Personal name Lord, Leonie
245 ## - TITLE STATEMENT
Title Sofa dog
Statement of responsibility, etc Leonie Lord.
260 ## - PUBLICATION, DISTRIBUTION, ETC. (IMPRINT)
Place of publication, distribution, etc London :
Name of publisher, distributor, etc Scholastic Children's Books,
Date of publication, distribution, etc c2017.
300 ## - PHYSICAL DESCRIPTION
Extent 32 unnumbered pages :
Other physical details col. ill. ;
Dimensions 28 cm.
650 ## - SUBJECT ADDED ENTRY--TOPICAL TERM
Topical term or geographic name as entry element Children's stories Pictorial works
942 ## - ADDED ENTRY ELEMENTS (KOHA)
Source of classification or shelving scheme Dewey Decimal Classification
Koha item type Books
Holdings
Withdrawn status Lost status Source of classification or shelving scheme Damaged status Home library Current library Shelving location Date acquired Source of acquisition Sub Shelving location Total Checkouts Full call number Barcode Date last seen Price effective from Koha item type
    Dewey Decimal Classification   Elizalde Library Elizalde Library Easy Reading Section 03/21/2025 Library Fund     ER So681 2017 E12533 03/21/2025 03/21/2025 Books
    Dewey Decimal Classification   Munich Library Munich Library Easy Reading Section 11/12/2024 Library Fund     ER So681 2017 M8673 11/12/2024 11/12/2024 Books

Sofa dog

APA

Lord L., . (2017). Sofa dog. London: Scholastic Children's Books.

Chicago

Lord Leonie, . 2017. Sofa dog. London: Scholastic Children's Books.

Harvard

Lord L., . (2017). Sofa dog. London: Scholastic Children's Books.

MLA

Lord Leonie, . Sofa dog. London: Scholastic Children's Books. 2017.

  • Place hold
  • Print
  • Cite
  • Add to your cart (remove)
  • Save record
    BIBTEX Dublin Core MARCXML MARC (non-Unicode/MARC-8) MARC (Unicode/UTF-8) MARC (Unicode/UTF-8, Standard) MODS (XML) RIS
  • More searches
    Search for this title in:
    Other Libraries (WorldCat) Other Databases (Google Scholar) Online Stores (Bookfinder.com) Open Library (openlibrary.org)

Exporting to Dublin Core...

SOUTHVILLE LIBRARY

Southville International School and Colleges Library

1281 Tropical Ave. Cor. Luxembourg St., BF Homes International, Las Pinas City

Tel. No. 8256374 / 252358 Loc. 117/146

Powered by Koha